000 01431nam0a22003011 4500
001 rc\3177448
005 20120615113522.2
021 _aRU
_b77-8433
021 _aRU
_bРг8428-77
035 _a(NLR Aleph) 007311884
090 _a5818653
_c5818653
100 _a20120615d1976 |||y0rusy50 ca
101 0 _arus
102 _aRU
105 _ay z |||||
200 1 _aХимический состав и питательность кормов Восточно-Сибирского и Дальневосточного природно-экономических районов
_e(Урожай 1973 г.)
_fМ-во с. х. СССР. Гл. упр. химизации сел. хоз-ва. Центр. ин-т агрохим. обслуживания сел. хоз-ва (ЦИНАО)
210 _aМосква
_cБ. и.
_d1976
215 _a56 с.
_d26
300 _aНа обороте тит. л. : подгот. И.С. Шумилин, А.П. Фесюн, Г.П. Державина [и др.]
702 1 _aФесюн
_bА. П.
_4570
702 1 _aДержавина
_bГ. П.
_4570
702 1 _aШумилин
_bИ. С.
_4570
712 0 2 _aЦентральный институт агрохимического обслуживания сельского хозяйства
_cМосква
_3RU\NLR\AUTH\889917840
801 0 _aRU
_bNLR
_gpsbo
801 1 _aRU
_bELAR
_2rusmarc
852 _aNLR
_j77-7/1359
942 _cBOOK
980 _aNB